Score 0/25 Timer 04:00
4 Plays Today
% Correct
Homeschooling For Dummies
73.1%
Breastfeeding For Dummies
71.7%
Feng Shui For Dummies
68.4%
Improving Your Memory For Dummies
66.9%
Politics For Dummies
66.6%
Wine For Dummies
66.3%
Law School For Dummies
63.3%
Quantum Physics For Dummies
62.9%
Hacking For Dummies
61.1%
Einstein For Dummies
59.1%
Potty Training For Dummies
56%
iPad For Seniors For Dummies
53.9%
T'ai Chi For Dummies
52.6%
% Correct
Tarot For Dummies
51.5%
Sushi For Dummies
49.3%
The Koran For Dummies
49.3%
Formula One Racing For Dummies
48.8%
Da Vinci For Dummies
48.2%
Science Fair Projects For Dummies
46.9%
Minecraft For Dummies
41.8%
Competitive Intelligence For Dummies
38.6%
Living Paleo For Dummies
37.7%
Inglés Para Dummies
34%
Iguanas For Dummies
31.9%
Pit Bulls For Dummies
29.9%
Remove Ads.
Support Sporcle.
Get the best of Sporcle when you Go Orange. This ad-free experience offers more features, more stats, and more fun while also helping to support Sporcle. Thank you for becoming a member.

You're not logged in!

Compare scores with friends on all Sporcle quizzes.
OR
Log In

Show Comments

Extras

Top Quizzes Today


Score Distribution

Your Account Isn't Verified!

In order to create a playlist on Sporcle, you need to verify the email address you used during registration. Go to your Sporcle Settings to finish the process.

Report this User

Report this user for behavior that violates our Community Guidelines.

Details: